000 00338nam a2200145Ia 4500
008 240624s9999 xx 000 0 und d
041 _aeng
082 _a005.133 WAL
100 _aWALL LARRY
245 _aPROGRAMMING PERL
250 _a(3rd ed.)
260 _c2000
_aMumbai
_bShroff
300 _axxxiii, : 1067 : cm. ; 23
365 _cRS
999 _c2088
_d2088